000 00672nam a2200193Ia 4500
008 151119s9999||||xx |||||||||||||| ||und||
082 _a925
082 _bGKKV2685
100 _aकुलकर्णी नलिनी
245 _aएकशेऐक श्रेष्ठ शास्त्रज्ञ
260 _a--
260 _b--
260 _c1985
600 _aकुलकर्णी नलिनी
630 _aएकशेऐक श्रेष्ठ शास्त्रज्ञ
700 _aकुलकर्णी नलिनी
730 _aएकशेऐक श्रेष्ठ शास्त्रज्ञ
942 _cBOOK
999 _c1058554
_d1058551